000 00518nam a22001697a 4500
999 _c7709
_d7709
003 OSt
005 20220218135933.0
008 220218b ||||| |||| 00| 0 eng d
020 _a9789970927401
040 _cDDC
082 _a362 MAN 2014
245 _aManaging Diversity Uganda's Experience
_c: a collection of essays produced by the pluralism knowledge programme in Uganda
260 _aUganda
_b: Cultural Foundation
_c, 2014
300 _a424p.
_c24 cm
650 _aManaging diversity
_915744
942 _2ddc
_cBOOK